| 000 | 01734nam a22003737i 4500 | ||
|---|---|---|---|
| 003 | URS | ||
| 005 | 20220117150930.0 | ||
| 008 | 170710s2003 ii ||||| |||| 00| 0 eng d | ||
| 040 |
_aBNY _beng _erda _cBNY _dOCLCF _dOCLCO _dOCLCQ _dOCLCO _dOCL _dOCLCO _dCtY _dURS |
||
| 050 | 1 | 4 |
_aHV 6431 _bM4681 2003 |
| 245 | 0 | 0 |
_aMedia, violence and terrorism / _c[editors, S.T. Kwame Boafo and Sylvie Coudray]. |
| 264 | 1 |
_aParis : _bUnited Nations Educational, Scientific, and Cultural Organization, _c[2003] |
|
| 264 | 3 |
_aNew Delhi, India : _bVaishali Graphics India, _c[2003] |
|
| 300 |
_axiii, 133 pages ; _c29 cm |
||
| 336 |
_atext _btxt _2rdacontent |
||
| 337 |
_aunmediated _bn _2rdamedia |
||
| 338 |
_avolume _bnc _2rdacarrier |
||
| 500 | _aPt. 1 includes papers from a conference on media and terrorism organized by UNESCO in Manila, Philippines, on May 2-3, 2002; part 2 includes case studies on the subject. | ||
| 650 | 0 |
_aTerrorism _vCongresses. |
|
| 650 | 0 |
_aTerrorism and mass media _vCongresses. |
|
| 650 | 0 |
_aTerrorism and mass media _vCase studies. |
|
| 650 | 0 |
_aTerrorism _vCase studies. |
|
| 650 | 7 |
_aTerrorism. _2fast _0(OCoLC)fst01148101 |
|
| 650 | 7 |
_aTerrorism and mass media. _2fast _0(OCoLC)fst01148149 |
|
| 655 | 7 |
_aCase studies. _2fast _0(OCoLC)fst01423765 |
|
| 655 | 7 |
_aConference papers and proceedings. _2fast _0(OCoLC)fst01423772 |
|
| 700 | 1 |
_aBoafo, S. T. Kwame, _eeditor. |
|
| 700 | 1 |
_aCodray, Sylvie, _eeditor. |
|
| 710 | 2 |
_aUnesco, _eissuing body. |
|
| 710 | 1 |
_aPhilippines. _bUnesco National Commission of the Philippines, _ehost institution. |
|
| 711 | 2 |
_aWorld Press Freedom Day _d(2002 : _cManila, Philippines) |
|
| 856 | 4 | 1 |
_yOnline version _uhttp://unesdoc.unesco.org/images/0013/001352/135256eo.pdf |
| 942 |
_2lcc _cFR |
||
| 999 |
_c16065 _d16065 |
||